000 00564nam a2200205Ia 4500
003 GCL
008 140319s9999 xx 000 0 ara d
040 _aGCL /
_cGCL
082 0 4 _a641.8
_bو م
100 1 _aوفاء حمود
245 1 0 _aمختارات شهية من المطبخ اليمنى /
_cوفاء حمود
700 1 _aفاطمة المغربى
700 1 _aفهدية الذيباوى
300 _a91 ص
490 _a100 قصة
_v0
650 0 4 _aالطبخ
650 0 4 _aالطهى اليمنى
650 0 4 _aالطهى
942 _2ddc
_cBK
999 _c44020
_d44020